000
00287nam a22001217a 4500
008
170504b xxu||||| |||| 00| 0 eng d
041
_a
ALB
080
_a
347
100
_a
14
101
_a
SHM
245
_a
TE KUPTUARIT E PARIMEVE MBI TE DREJTAT E NJERIUT
_c
JOWELL, J
942
_2
udc
_c
BK
999
_c
12679
_d
12679